[Event "16th Asian Games Rapid Women"]
[Site "Guangzhou CHN"]
[Date "2010.11.14"]
[Round "4"]
[White "Uchida, Narumi"]
[Black "Mohammed Qane, Jannar Worya"]
[Result "1-0"]
[WhiteTitle "WFM"]
[BlackTitle "WFM"]
[WhiteElo "1834"]
[BlackElo "1901"]
[WhiteFideId "7000677"]
[BlackFideId "4802144"]
[EventDate "2010.11.13"]

1. e4 d5 2. exd5 Qxd5 3. Nc3 Qa5 4. d4 Bf5 5. Nf3 Nf6 6. Bd2 c6 7. Ne4 Qc7 8.
Nxf6+ gxf6 9. g3 e6 10. Bg2 Nd7 11. O-O O-O-O 12. c3 Nb6 13. Qb3 e5 14. Rfe1 Be6
15. Qc2 Nc4 16. Rad1 Nxd2 17. Rxd2 Bg7 18. Red1 Bd5 19. c4 Be6 20. d5 cxd5 21.
Qa4 Kb8 22. cxd5 Bd7 23. Qb3 Qd6 24. Nh4 Bh6 25. Rc2 Bg5 26. Nf3 Bh6 27. Nd2 Bf5
28. Ne4 Bxe4 29. Bxe4 Bf8 30. Rc4 h5 31. Rdc1 Bh6 32. R1c2 Rc8 33. Rb4 Rxc2 34.
Rxb7+ Kc8 35. Bxc2 Rd8 36. Bf5+ Rd7 37. Rxd7 1-0

[Event "16th Asian Games Rapid Women"]
[Site "Guangzhou CHN"]
[Date "2010.11.14"]
[Round "4"]
[White "Al-Khelaifi, Salama"]
[Black "Nur, Nabila Azman Hisham"]
[Result "0-1"]
[WhiteTitle "WFM"]
[BlackTitle "WCM"]
[WhiteElo "1761"]
[BlackElo "1845"]
[WhiteFideId "12100048"]
[BlackFideId "5702135"]
[EventDate "2010.11.13"]

1. d4 Nf6 2. Nc3 g6 3. e4 d6 4. f3 Bg7 5. Bg5 O-O 6. Qd2 Re8 7. O-O-O Nbd7 8. h4
h5 9. Bh6 Bh8 10. g4 e5 11. d5 Nf8 12. Nge2 hxg4 13. Ng3 Nh5 14. Nxh5 gxh5 15.
Bxf8 Rxf8 16. Qh6 Qf6 17. Qxh5 Qg6 18. Qxg6+ fxg6 19. fxg4 Bxg4 20. Re1 Bg7 21.
Be2 Bh6+ 22. Kb1 Bxe2 23. Rxe2 Rf4 24. Rg2 Kh7 25. a3 Raf8 26. Rhg1 R8f6 27. Rh1
a6 28. Re2 Rf1+ 29. Rxf1 Rxf1+ 30. Ka2 Rh1 31. Rf2 Bf4 32. Ne2 Rxh4 33. Kb3 Kg7
34. c3 g5 35. Kc2 Rh3 36. Rg2 Kg6 37. c4 Re3 38. Nc3 Rh3 39. b4 Kh5 40. c5 g4
41. a4 Rh2 42. Rxh2+ Bxh2 43. b5 axb5 44. axb5 b6 45. c6 g3 46. Kd2 g2 47. Ne2
g1=Q 48. Nxg1 Bxg1 49. Ke2 Kg4 50. Kd2 Kf4 51. Kd3 Kf3 52. Kc4 Kxe4 53. Kb4 Kxd5
54. Ka4 Kc5 0-1

[Event "16th Asian Games Rapid Women"]
[Site "Guangzhou CHN"]
[Date "2010.11.15"]
[Round "5"]
[White "Zhao, Xue"]
[Black "Hou, Yifan"]
[Result "0-1"]
[WhiteTitle "GM"]
[BlackTitle "GM"]
[WhiteElo "2474"]
[BlackElo "2591"]
[WhiteFideId "8601283"]
[BlackFideId "8602980"]
[EventDate "2010.11.13"]

1. d4 Nf6 2. c4 e6 3. Nf3 d5 4. Nc3 Bb4 5. Bg5 h6 6. Bxf6 Qxf6 7. e3 O-O 8. Qb3
c5 9. a3 Bxc3+ 10. Qxc3 cxd4 11. Nxd4 dxc4 12. Bxc4 Bd7 13. O-O Rc8 14. Qb3 Nc6
15. Nxc6 Bxc6 16. Rfd1 Rc7 17. Bf1 Bd5 18. Qb4 Rc2 19. Rd2 a5 20. Qd4 Qxd4 21.
Rxd4 Rxb2 22. Rc1 Bc6 23. g3 Rb3 24. Bg2 Bxg2 25. Kxg2 Rxa3 26. Rb1 Rb8 27. Rb6
Rc3 28. Rd7 Rc6 29. Rb5 b6 30. Ra7 Rd8 31. Ra6 Rd2 32. Rb1 Rcc2 33. Rf1 Rb2 34.
g4 g6 35. h4 Kg7 36. Kg3 Rdc2 37. Ra7 Rd2 38. g5 hxg5 39. hxg5 Rd5 40. Kg4 Rbd2
41. e4 Rd7 42. Ra6 Rb2 43. f3 f5+ 44. gxf6+ Kxf6 45. Rc1 Rg2+ 46. Kh3 Rg5 0-1

[Event "16th Asian Games Rapid Women"]
[Site "Guangzhou CHN"]
[Date "2010.11.15"]
[Round "5"]
[White "Pham, Le Thao Nguyen"]
[Black "Tania, Sachdev"]
[Result "1-0"]
[WhiteTitle "WIM"]
[BlackTitle "IM"]
[WhiteElo "2337"]
[BlackElo "2385"]
[WhiteFideId "12401226"]
[BlackFideId "5007844"]
[EventDate "2010.11.13"]

1. d4 Nf6 2. Bf4 e6 3. e3 b6 4. Nf3 Bb7 5. Nbd2 Be7 6. h3 c5 7. c3 O-O 8. Bd3 d6
9. O-O Nc6 10. Qe2 Qc7 11. Qd1 Qd8 12. Qe2 Qc7 13. Bh2 Rac8 14. Rfe1 Qb8 15.
Rad1 Rfe8 16. a3 Bf8 17. e4 cxd4 18. cxd4 e5 19. Bb5 exd4 20. Qd3 Nd7 21. Qe2
Nf6 22. Qd3 Nd7 23. Nxd4 Nc5 24. Qe3 Qa8 25. Nf5 a6 26. Bxc6 Bxc6 27. Qg5 Re6
28. f3 Nd3 29. Re3 Nxb2 30. Rb1 Na4 31. Nb3 h6 32. Qh4 Bb7 33. Nbd4 Rg6 34. Rf1
Nc5 35. Ne7+ Bxe7 36. Qxe7 Re8 37. Qc7 Qc8 38. Qxc8 Bxc8 39. Rb1 Bxh3 40. g4 b5
41. Nf5 h5 42. Bxd6 Nb7 43. Ne7+ 1-0

[Event "16th Asian Games Rapid Women"]
[Site "Guangzhou CHN"]
[Date "2010.11.15"]
[Round "5"]
[White "Sukandar, Irine Kharisma"]
[Black "Hallaeva, Bahar"]
[Result "1-0"]
[WhiteTitle "WGM"]
[BlackTitle "WFM"]
[WhiteElo "2382"]
[BlackElo "2184"]
[WhiteFideId "7101937"]
[BlackFideId "14000679"]
[EventDate "2010.11.13"]

1. e4 e5 2. Nf3 Nc6 3. Bb5 a6 4. Ba4 Nf6 5. d3 d6 6. c3 g6 7. O-O Bg7 8. Nbd2
O-O 9. Re1 Re8 10. Nf1 b5 11. Bc2 Bb7 12. Ng3 Na7 13. d4 exd4 14. cxd4 c5 15. d5
Nd7 16. Bg5 Qc7 17. Rb1 Nc8 18. h4 Ncb6 19. b3 Ne5 20. h5 Nbd7 21. h6 Bh8 22.
Nh2 Nf8 23. f4 Ned7 24. Nf3 Qa5 25. Nf1 Qxa2 26. N1h2 Rac8 27. Ng4 1-0

[Event "16th Asian Games Rapid Women"]
[Site "Guangzhou CHN"]
[Date "2010.11.15"]
[Round "5"]
[White "Muminova, Nafisa"]
[Black "Paridar, Shadi"]
[Result "1-0"]
[WhiteTitle "WIM"]
[BlackTitle "WGM"]
[WhiteElo "2360"]
[BlackElo "2253"]
[WhiteFideId "14201526"]
[BlackFideId "12500666"]
[EventDate "2010.11.13"]

1. d4 c5 2. d5 e5 3. c4 d6 4. e4 Be7 5. Bd3 Bg5 6. Nd2 Qf6 7. Ne2 Ne7 8. Qc2 O-O
9. b3 Ng6 10. g3 Bh3 11. Bb2 Qd8 12. O-O-O Na6 13. a3 Nc7 14. Rhg1 Bd7 15. f4
Bf6 16. f5 Ne7 17. h4 b5 18. g4 Bxh4 19. g5 f6 20. gxf6 Bxf6 21. Nf3 bxc4 22.
Bxc4 a5 23. a4 Nc8 24. Ng3 Be8 25. Rh1 Nb6 26. Rdg1 Nxc4 27. bxc4 Rb8 28. Nh5
Bxh5 29. Rxh5 Na6 30. Qh2 Nb4 31. Bc3 Qd7 32. Rxh7 Na2+ 33. Kd2 Nxc3 34. Qh5
Nxe4+ 35. Ke3 Bg5+ 36. Rxg5 1-0

[Event "16th Asian Games Rapid Women"]
[Site "Guangzhou CHN"]
[Date "2010.11.15"]
[Round "5"]
[White "Tuvshintugs, Batchimeg"]
[Black "Shamima, Akter Liza"]
[Result "1-0"]
[WhiteTitle "WGM"]
[BlackTitle "WFM"]
[WhiteElo "2327"]
[BlackElo "2161"]
[WhiteFideId "4900839"]
[BlackFideId "10202587"]
[EventDate "2010.11.13"]

1. Nf3 d5 2. d4 c6 3. c4 Nf6 4. Nc3 dxc4 5. a4 Bf5 6. Ne5 Nbd7 7. Nxc4 Qc7 8. g3
e5 9. dxe5 Nxe5 10. Bf4 Nfd7 11. Bg2 f6 12. O-O Nc5 13. e4 Be6 14. Nxe5 fxe5 15.
Qh5+ Bf7 16. Qxe5+ Qxe5 17. Bxe5 a5 18. Bh3 Bc4 19. Rfd1 Kf7 20. Bd6 Bxd6 21.
Rxd6 Bb3 22. e5 Rad8 23. Re1 Rhe8 24. Re3 Nxa4 25. Nxa4 Bxa4 26. e6+ Ke7 27.
Rd7+ Kf6 28. Rf7+ Kg6 29. Bf5+ Kh6 30. g4 Rd1+ 31. Kg2 g6 32. Rh3+ Kg5 33. f4+
Kxf4 34. Bc2+ 1-0

[Event "16th Asian Games Rapid Women"]
[Site "Guangzhou CHN"]
[Date "2010.11.15"]
[Round "5"]
[White "Geldyeva, Mekhri"]
[Black "Enkhtuul, Altanulzii"]
[Result "0-1"]
[WhiteTitle "WGM"]
[BlackTitle "WCM"]
[WhiteElo "2279"]
[BlackElo "2121"]
[WhiteFideId "14000059"]
[BlackFideId "4901444"]
[EventDate "2010.11.13"]

1. d4 Nf6 2. c4 c5 3. d5 b5 4. cxb5 a6 5. bxa6 g6 6. Nc3 Bxa6 7. g3 d6 8. Bg2
Bg7 9. Nf3 O-O 10. O-O Nbd7 11. Qc2 Nb6 12. Rd1 Qb8 13. Rb1 Rc8 14. b3 Bb7 15.
a4 Nfxd5 16. Nxd5 Nxd5 17. Bb2 Nb4 18. Qd2 Be4 19. Bxg7 Kxg7 20. Rb2 Qb7 21. h4
h5 22. Qc3+ Kg8 23. Qe3 Kg7 24. Qc3+ f6 25. Bh3 Rcb8 26. Ng5 Bc6 27. Ne6+ Kh7
28. f4 Nd5 29. Qd3 Nb4 30. Qd2 Be4 31. g4 hxg4 32. Bxg4 Bf5 33. Bf3 Be4 34. Bg4
Ra7 35. Qe3 Bf5 36. Qh3 Rg8 37. e3 Qe4 38. Bxf5 gxf5+ 39. Ng5+ fxg5 40. hxg5+
Kg7 41. Rh2 Qe6 42. Qh7+ Kf8 43. Rh3 Qg6 44. Qh4 Ra8 45. Kf2 Ke8 46. Qg3 Kd7 47.
Qf3 Kc7 48. Rh6 Qf7 49. Qh3 Qxb3 50. Rd2 Nd3+ 51. Ke2 Nc1+ 52. Ke1 Rxa4 53. Rh7
Re8 54. g6 Re4 55. Qxf5 Qxe3+ 56. Kd1 Nb3 57. Rhh2 Qe1+ 58. Kc2 Nd4+ 59. Rxd4
Rxd4 60. g7 Qd1+ 61. Kc3 Qe1+ 62. Kc2 Rc4+ 0-1

[Event "16th Asian Games Rapid Women"]
[Site "Guangzhou CHN"]
[Date "2010.11.15"]
[Round "5"]
[White "Dauletova, Gulmira"]
[Black "Al-Zarouni, Kholoud Essa"]
[Result "1-0"]
[WhiteTitle "WIM"]
[BlackTitle "WFM"]
[WhiteElo "2263"]
[BlackElo "1864"]
[WhiteFideId "13702971"]
[BlackFideId "9301194"]
[EventDate "2010.11.13"]

1. e4 e5 2. Nf3 Nc6 3. Bb5 a6 4. Ba4 Nf6 5. O-O Be7 6. Re1 b5 7. Bb3 d6 8. c3
O-O 9. h3 Na5 10. Bc2 c5 11. d4 Qc7 12. d5 Bd7 13. b3 Nb7 14. Nbd2 a5 15. a4
bxa4 16. bxa4 Rfb8 17. Nc4 Ne8 18. Nh2 Nd8 19. f4 Bh4 20. Rf1 Bg3 21. fxe5 Bxe5
22. Qf3 f6 23. Bf4 Nf7 24. Ng4 Bxf4 25. Qxf4 Ne5 26. Ngxe5 dxe5 27. Qg3 Nd6 28.
Qf4 Ne8 29. Qg3 Nd6 30. Ne3 Kh8 31. Qh4 Rb2 32. Rf3 Nc4 33. Nxc4 Rxc2 34. Qe1
Qb7 35. Rb1 Qa6 36. Nb6 Qb7 37. Nc4 Qa6 38. Nb6 Re2 39. Qf1 Bxa4 40. Nxa8 Bb5
41. Nc7 Rxg2+ 42. Qxg2 1-0

[Event "16th Asian Games Rapid Women"]
[Site "Guangzhou CHN"]
[Date "2010.11.15"]
[Round "5"]
[White "Nakhbayeva, Guliskhan"]
[Black "Uchida, Narumi"]
[Result "1-0"]
[WhiteTitle "WIM"]
[BlackTitle "WFM"]
[WhiteElo "2209"]
[BlackElo "1834"]
[WhiteFideId "13704788"]
[BlackFideId "7000677"]
[EventDate "2010.11.13"]

1. d4 d5 2. c4 e6 3. Nc3 Nf6 4. cxd5 exd5 5. Bg5 c6 6. e3 Nbd7 7. Bd3 Be7 8.
Nge2 O-O 9. O-O Re8 10. f3 Nf8 11. Qc2 Be6 12. e4 dxe4 13. fxe4 Ng4 14. Bxe7
Qxe7 15. Qd2 c5 16. d5 Bd7 17. Rad1 Ng6 18. b3 Qd6 19. g3 Qb6 20. Bc4 Nf6 21. d6
Ne5 22. Rxf6 gxf6 23. Qh6 Nxc4 24. Nd5 Ne5 25. Ndc3 Nc4 26. Nd5 Qd8 27. Nxf6+
Qxf6 28. Qxf6 Re6 29. Qg5+ Kf8 30. bxc4 1-0

[Event "16th Asian Games Rapid Women"]
[Site "Guangzhou CHN"]
[Date "2010.11.15"]
[Round "5"]
[White "Mir Mahmoud, Afamia"]
[Black "Saleh, Nora Mohd"]
[Result "1/2-1/2"]
[BlackTitle "WIM"]
[WhiteElo "2010"]
[BlackElo "1884"]
[WhiteFideId "7600674"]
[BlackFideId "9301607"]
[EventDate "2010.11.13"]

1. d4 d5 2. c4 c6 3. Nf3 Nf6 4. Nc3 a6 5. e3 Bg4 6. Qb3 b5 7. cxb5 axb5 8. Ne5
Bf5 9. Be2 Nfd7 10. Nd3 e6 11. O-O Bd6 12. Bd2 O-O 13. Rac1 Nf6 14. Rfd1 Ne4 15.
Nxe4 Bxe4 16. Nc5 Bf5 17. Nb7 Bxh2+ 18. Kxh2 Qc7+ 19. Kg1 Qxb7 20. Bb4 Re8 21.
Bd6 Nd7 22. Rc3 Nb6 23. Rdc1 Nc4 24. Bxc4 dxc4 25. Rxc4 Be4 26. Rc5 Bd5 27. R5c4
Be4 28. Rc5 Bd5 29. Qc2 Rxa2 30. e4 Bc4 31. Qc3 Rea8 32. b3 R8a3 33. Rb1 Qd7 34.
Bf4 f6 35. Bc1 Rxb3 36. Rxb3 Bxb3 37. Qxb3 Qxd4 38. Qe3 Qd1+ 39. Kh2 Qd6+ 40. g3
Kf7 41. Kg2 b4 42. Rc4 Ra5 43. Qb3 c5 44. Be3 f5 45. Qc2 fxe4 46. Bxc5 Qd5 47.
Be3 Qd3 48. Qxd3 exd3 49. Rxb4 Rd5 50. Rb2 e5 51. f3 Kf6 52. Kf2 h5 53. Bd2 Kf5
54. Rb7 g6 55. Rf7+ Ke6 56. Rf8 Ke7 57. Rc8 Kf6 58. Ke3 Kf5 59. Rf8+ Ke6 60. Rc8
Kf5 61. Rc4 Ke6 62. Ke4 Rd6 63. Ra4 Kf6 64. Ke3 Kf5 65. Ra3 g5 66. Ra4 Rd5 67.
g4+ hxg4 68. fxg4+ Ke6 69. Ke4 Rd6 70. Rb4 Rd7 71. Rb6+ Kf7 72. Kxe5 Re7+ 73.
Kf5 Re2 74. Rb2 Rf2+ 75. Kxg5 Rh2 76. Kf4 Kg6 77. Kg3 Re2 78. Kf3 Kf7 79. Bc3
Rxb2 80. Bxb2 d2 81. Ke2 Kg6 82. Kxd2 Kg5 1/2-1/2

[Event "16th Asian Games Rapid Women"]
[Site "Guangzhou CHN"]
[Date "2010.11.15"]
[Round "5"]
[White "Nur, Nabila Azman Hisham"]
[Black "Sultana, Sharmin Shirin"]
[Result "1-0"]
[WhiteTitle "WCM"]
[WhiteElo "1845"]
[BlackElo "1998"]
[WhiteFideId "5702135"]
[BlackFideId "10204482"]
[EventDate "2010.11.13"]

1. d4 d5 2. c4 c6 3. Nc3 Nf6 4. Nf3 dxc4 5. e3 b5 6. a4 b4 7. Na2 b3 8. Nc3 Ba6
9. Ne5 Nbd7 10. Nxc4 Rb8 11. Ra3 e5 12. Rxb3 Rxb3 13. Qxb3 exd4 14. exd4 Nb6 15.
Ne5 Nfd5 16. Bxa6 Bd6 17. Nxd5 Nxd5 18. O-O O-O 19. Nxc6 Qh4 20. g3 Qh5 21. Re1
Nf6 22. Be2 Qh3 23. Ba6 Qh5 24. Be2 Qh3 25. Bf1 Qh5 26. h3 h6 27. Qd1 Qf5 28.
Qb3 Qh5 29. Qd1 Qf5 30. Ne7+ Bxe7 31. Rxe7 Qa5 32. Re5 Qb4 33. Rb5 Qe7 34. Be3
Rd8 35. Qb3 Ne4 36. Re5 Nc5 37. Qa3 Qc7 38. Rxc5 Qb7 39. Qc3 Qb6 40. Rc8 Qd6 41.
Rxd8+ Qxd8 42. Qc5 a5 43. Bc4 Qb8 44. Qe7 1-0

[Event "16th Asian Games Rapid Women"]
[Site "Guangzhou CHN"]
[Date "2010.11.15"]
[Round "5"]
[White "Bakri, Alia Anin Azwa"]
[Black "Boshra, Alshaeby"]
[Result "1-0"]
[WhiteTitle "WFM"]
[WhiteElo "1953"]
[BlackElo "1807"]
[WhiteFideId "5702712"]
[BlackFideId "8102937"]
[EventDate "2010.11.13"]

1. d4 Nf6 2. c4 c5 3. Nf3 g6 4. Nc3 Bg7 5. d5 d6 6. e4 O-O 7. Be2 e6 8. O-O Re8
9. h3 a6 10. Be3 Qb6 11. Qc2 exd5 12. cxd5 Qc7 13. Nd2 b5 14. a3 Bb7 15. Rac1
Nbd7 16. Nf3 Rac8 17. Qd3 Nb6 18. Nd2 Nfd7 19. Bf4 Ne5 20. Qg3 Qd7 21. b3 c4 22.
bxc4 Nbxc4 23. Nxc4 Nxc4 24. Bg4 f5 25. exf5 gxf5 26. Bh5 Re7 27. Bg5 Re5 28.
Bf4 Re7 29. Bg5 Re5 30. Bf6 Kh8 31. Bxe5 Bxe5 32. f4 Bd4+ 33. Kh2 Rg8 34. Qe1
Qg7 35. Bf3 Ne3 36. Rg1 Qh6 37. Ne2 Ng4+ 38. Bxg4 Bxg1+ 39. Qxg1 fxg4 40. Rc7
g3+ 41. Nxg3 Rxg3 42. Kxg3 Qg6+ 43. Kh2 Qf6 44. Rxb7 Qxf4+ 45. Kh1 Qe5 46. Qf2
Qxd5 47. Qf8+ Qg8 48. Qf6+ Qg7 49. Qxg7# 1-0

[Event "16th Asian Games Rapid Women"]
[Site "Guangzhou CHN"]
[Date "2010.11.15"]
[Round "5"]
[White "Mohammed Qane, Jannar Worya"]
[Black "Al-Khelaifi, Salama"]
[Result "1/2-1/2"]
[WhiteTitle "WFM"]
[BlackTitle "WFM"]
[WhiteElo "1901"]
[BlackElo "1761"]
[WhiteFideId "4802144"]
[BlackFideId "12100048"]
[EventDate "2010.11.13"]

1. d4 d5 2. c4 e6 3. Nc3 Nf6 4. Bg5 Nbd7 5. e3 c6 6. Nf3 Qa5 7. Bxf6 Nxf6 8. Qc2
Bb4 9. Nd2 O-O 10. Bd3 Qc7 11. Nf3 Bd6 12. c5 Be7 13. O-O b6 14. b4 a5 15. a3
Ba6 16. Bxa6 Rxa6 17. Na4 Nd7 18. Qd3 Rfa8 19. b5 cxb5 20. cxb6 Nxb6 21. Qxb5
Nxa4 22. Qxa4 Rc6 23. Rab1 Rc4 24. Qb5 Bxa3 25. Ne5 Rb4 26. Rxb4 Bxb4 27. Nf3
Ba3 28. Ne5 Bb4 29. Nc6 Bd6 30. g3 a4 31. Ra1 a3 32. Ne5 Bxe5 33. dxe5 Qxe5 34.
Rxa3 Rf8 35. Ra7 g6 36. Qb7 d4 37. exd4 Qxd4 38. Qe7 Qd1+ 39. Kg2 Qd5+ 40. Kg1
Qe5 41. Qb7 Qd4 42. Qe7 Qd1+ 43. Kg2 Qd5+ 44. Kg1 Qf3 45. Rd7 Ra8 46. Rd8+ Rxd8
47. Qxd8+ Kg7 48. Qd4+ Qf6 49. Qe3 Qa1+ 50. Kg2 h5 51. h3 Qf6 52. h4 e5 53. Kg1
Qf5 54. Kg2 Qf6 55. Kg1 Qf5 56. Kg2 Qe6 57. Qc3 Qd5+ 58. Kg1 Qd1+ 59. Kg2 Qd5+
60. Kg1 Qd1+ 1/2-1/2

[Event "16th Asian Games Rapid Women"]
[Site "Guangzhou CHN"]
[Date "2010.11.15"]
[Round "6"]
[White "Hou, Yifan"]
[Black "Harika, Dronavalli"]
[Result "1/2-1/2"]
[WhiteTitle "GM"]
[BlackTitle "IM"]
[WhiteElo "2591"]
[BlackElo "2525"]
[WhiteFideId "8602980"]
[BlackFideId "5015197"]
[EventDate "2010.11.13"]

1. e4 e5 2. Nf3 Nc6 3. Bb5 Nf6 4. O-O Nxe4 5. d4 Nd6 6. Bxc6 dxc6 7. dxe5 Nf5 8.
Qxd8+ Kxd8 9. Nc3 Ke8 10. h3 h5 11. Bf4 Be7 12. Rad1 Nh4 13. Nxh4 Bxh4 14. Rfe1
Be6 15. Ne4 Rd8 16. Nc5 Ra8 17. Ne4 Rd8 18. Nc5 Rxd1 19. Rxd1 Bc8 20. e6 Bd8 21.
Re1 Be7 22. exf7+ Kxf7 23. Ne4 Bd8 24. Ng5+ Bxg5 25. Bxg5 Re8 26. Rxe8 Kxe8 27.
Bf4 Bf5 28. c3 Kd7 29. Kh2 c5 30. Kg3 Bb1 31. a3 c6 32. Bb8 a5 33. Kf4 Ke6 34.
Kg5 g6 35. g4 hxg4 36. hxg4 a4 37. f4 Bd3 38. Ba7 c4 39. Bd4 b5 40. Bf2 Bc2 41.
Be3 Bd3 42. Bd4 1/2-1/2

[Event "16th Asian Games Rapid Women"]
[Site "Guangzhou CHN"]
[Date "2010.11.15"]
[Round "6"]
[White "Muminova, Nafisa"]
[Black "Pham, Le Thao Nguyen"]
[Result "0-1"]
[WhiteTitle "WIM"]
[BlackTitle "WIM"]
[WhiteElo "2360"]
[BlackElo "2337"]
[WhiteFideId "14201526"]
[BlackFideId "12401226"]
[EventDate "2010.11.13"]

1. e4 Nf6 2. e5 Nd5 3. d4 d6 4. Nf3 Nb6 5. a4 a5 6. h3 g6 7. exd6 cxd6 8. Bb5+
Bd7 9. Nc3 Bg7 10. O-O O-O 11. Re1 h6 12. Bf4 Na6 13. Qd2 Kh7 14. Nh2 Bf5 15.
Nf3 Nb4 16. Rac1 Rc8 17. Ne4 Nc4 18. Bxc4 Rxc4 19. c3 Nd5 20. Bh2 Bxe4 21. Rxe4
Qc7 22. Qd1 Qb6 23. Nd2 Rc7 24. Rb1 Rc4 25. Rc1 Rc7 26. Rb1 Nf6 27. Re1 Rfc8 28.
Qe2 Rd7 29. Bf4 Nd5 30. Bg3 Qc6 31. Ra1 e5 32. dxe5 dxe5 33. Nf3 f6 34. h4 h5
35. Red1 Rcd8 36. Nd2 Ne7 37. Nf3 Nf5 38. Rxd7 Rxd7 39. Bh2 e4 40. Nd2 e3 41.
fxe3 Nxh4 42. Nf3 Nxf3+ 43. gxf3 f5 44. Bf4 Bf6 45. Qg2 Qd5 46. Kh1 Qd2 47. Rg1
Qxg2+ 48. Rxg2 Rd1+ 49. Rg1 Rd7 50. Kh2 Kg7 51. e4 fxe4 52. fxe4 Re7 53. Re1 g5
54. Bd2 Be5+ 55. Kg2 Kg6 56. c4 g4 57. Bxa5 h4 58. Bd8 h3+ 59. Kg1 Rh7 60. Bb6
g3 61. Bf2 gxf2+ 62. Kxf2 h2 63. Rh1 Bxb2 64. Kg2 Be5 65. a5 Kg5 66. c5 Kg4 67.
Rd1 Bf4 68. Kh1 Re7 69. Ra1 Rxe4 70. c6 bxc6 71. a6 Re8 72. a7 Ra8 73. Ra4 c5
74. Ra6 c4 75. Rg6+ Kf3 76. Rg3+ Ke4 77. Rg7 c3 78. Re7+ Be5 79. Rf7 c2 80. Rf1
Rxa7 81. Re1+ Kd3 82. Rf1 Ra1 0-1

[Event "16th Asian Games Rapid Women"]
[Site "Guangzhou CHN"]
[Date "2010.11.15"]
[Round "6"]
[White "Enkhtuul, Altanulzii"]
[Black "Sukandar, Irine Kharisma"]
[Result "1/2-1/2"]
[WhiteTitle "WCM"]
[BlackTitle "WGM"]
[WhiteElo "2121"]
[BlackElo "2382"]
[WhiteFideId "4901444"]
[BlackFideId "7101937"]
[EventDate "2010.11.13"]

1. Nf3 Nf6 2. g3 d5 3. c4 c6 4. cxd5 cxd5 5. Bg2 Nc6 6. O-O e5 7. d3 Be7 8. a3
O-O 9. b4 a6 10. Bb2 d4 11. Nbd2 Be6 12. Rc1 Bd5 13. Nc4 Nd7 14. e4 Be6 15. Ne1
Bd5 16. Nf3 Be6 17. Ne1 Rc8 18. Nf3 Ra8 19. Ne1 Rc8 20. f4 exf4 21. gxf4 b5 22.
Nd2 Nb6 23. f5 Bd7 24. Nb3 Na4 25. Qe2 Nb6 26. Qd1 Na4 27. Qe2 Bg5 28. Rc2 Nxb2
29. Rxb2 Ne5 30. Nc5 Bc6 31. Kh1 a5 32. h3 axb4 33. axb4 Ra8 34. Nf3 Bf6 35. Rc2
Qd6 36. Qf2 Nxf3 37. Bxf3 Ra3 38. Qg2 Be5 39. Rfc1 Rfa8 40. Qf1 Qh6 41. Bg2 Qg5
42. Bf3 Bf4 43. Rb1 Ra2 44. Rcb2 Qg3 45. Nb3 Qg5 46. Nc5 Qg3 47. Nb3 Be5 48. Na5
Rxb2 49. Rxb2 Bd7 50. Bg4 Rc8 51. Rg2 Qe3 52. Nb3 Rc3 53. Re2 Qxd3 54. Nc5 Qc4
55. Nxd7 Rc1 56. Re1 Qxf1+ 57. Rxf1 Rxf1+ 58. Kg2 Rb1 59. Nxe5 Rxb4 60. Kf2 Rb3
61. Nf3 Rb2+ 62. Ke1 d3 63. Ne5 d2+ 64. Kd1 Ra2 65. Be2 b4 66. Bc4 Ra4 67. Nxf7
Kf8 68. Ng5 Ra3 69. Kxd2 Rc3 70. Bd5 h6 71. Ne6+ Ke7 72. Nd4 Kf6 73. h4 Rh3 74.
Nc6 b3 75. Nd4 b2 76. Kc2 Rh2+ 77. Kb1 Rxh4 78. Kxb2 Rh3 79. Ne6 Rg3 80. Nf4 Ke5
81. Ng6+ Kf6 82. Kc2 h5 83. Kd2 Kg5 84. Ke2 h4 85. Kf2 Rc3 86. Kg2 Rc2+ 87. Kh3
Rc3+ 88. Kg2 Rc2+ 89. Kh3 Rc3+ 90. Kg2 Rc2+ 91. Kh3 1/2-1/2

[Event "16th Asian Games Rapid Women"]
[Site "Guangzhou CHN"]
[Date "2010.11.15"]
[Round "6"]
[White "Pourkashiyan, Atousa"]
[Black "Nur, Nabila Azman Hisham"]
[Result "1-0"]
[WhiteTitle "WGM"]
[BlackTitle "WCM"]
[WhiteElo "2367"]
[BlackElo "1845"]
[WhiteFideId "12502014"]
[BlackFideId "5702135"]
[EventDate "2010.11.13"]

1. e4 c5 2. Nf3 e6 3. d4 cxd4 4. Nxd4 a6 5. Nc3 Qc7 6. Be2 Nf6 7. O-O Bb4 8. Qd3
Nc6 9. Nxc6 dxc6 10. Bg5 Be7 11. f4 h6 12. Bh4 O-O 13. e5 Nd5 14. Bxe7 Qxe7 15.
Ne4 Qb4 16. c4 Ne7 17. Kh1 Qb6 18. Rad1 c5 19. b3 Nc6 20. Nf6+ gxf6 21. exf6 Kh8 1-0

[Event "16th Asian Games Rapid Women"]
[Site "Guangzhou CHN"]
[Date "2010.11.15"]
[Round "6"]
[White "Nakhbayeva, Guliskhan"]
[Black "Hoang, Thi Bao Tram"]
[Result "0-1"]
[WhiteTitle "WIM"]
[BlackTitle "WGM"]
[WhiteElo "2209"]
[BlackElo "2271"]
[WhiteFideId "13704788"]
[BlackFideId "12401102"]
[EventDate "2010.11.13"]

1. d4 d5 2. c4 c6 3. Nf3 Nf6 4. e3 Bf5 5. Nc3 e6 6. Nh4 Bg4 7. f3 Bh5 8. g3 Nbd7
9. Bd2 Be7 10. Ng2 O-O 11. Nf4 Bg6 12. Qb3 Qb6 13. Nxg6 hxg6 14. c5 Qc7 15. Bd3
b6 16. cxb6 axb6 17. O-O c5 18. Qd1 c4 19. Be2 Qc6 20. a4 Rfe8 21. f4 Rac8 22.
Bf3 Ne4 23. Nb5 Nxd2 24. Qxd2 Qb7 25. Nc3 Qc6 26. Nb5 Qb7 27. Rfc1 Nb8 28. Qe2
Nc6 29. e4 Qd7 30. e5 Na5 31. Rd1 Ra8 32. Ra2 Ra6 33. Qe3 Rea8 34. Qe2 Re8 35.
Qe3 Rea8 36. Nc3 Bb4 37. Rb1 Nb3 38. Kg2 Bxc3 39. bxc3 b5 40. Bd1 bxa4 41. g4
Qd8 42. Kh1 Qh4 43. Bf3 Qh3 44. Rg1 Rb8 45. Rb1 Rba8 46. Rg1 Rb8 47. Qe2 Qh6 48.
Qe3 Kf8 49. Rg3 Ke7 50. Be2 Rh8 51. Bf1 Qh7 52. Rh3 Qg8 53. f5 gxf5 54. gxf5
Rxh3 55. Bxh3 Qh7 56. Qg5+ Ke8 57. Bg4 Qh6 58. Qxh6 gxh6 59. f6 a3 60. Bd1 Kf8 0-1

[Event "16th Asian Games Rapid Women"]
[Site "Guangzhou CHN"]
[Date "2010.11.15"]
[Round "6"]
[White "Nodirjanova, Nodira"]
[Black "Dauletova, Gulmira"]
[Result "0-1"]
[BlackTitle "WIM"]
[WhiteElo "2149"]
[BlackElo "2263"]
[WhiteFideId "14201232"]
[BlackFideId "13702971"]
[EventDate "2010.11.13"]

1. d4 Nf6 2. c4 g6 3. Nc3 Bg7 4. e4 d6 5. Be2 O-O 6. Bg5 a6 7. Qd2 c5 8. d5 b5
9. cxb5 Qa5 10. bxa6 Nbd7 11. Nf3 Bxa6 12. O-O h6 13. Bxa6 hxg5 14. Be2 g4 15.
Ne1 Rfb8 16. Rb1 Qb4 17. Qc2 Nb6 18. a3 Qa5 19. Nd3 Nbd7 20. Nc1 Qc7 21. b3 Qa5
22. a4 Ne5 23. Nd3 Nxd3 24. Bxd3 Nh5 25. Ne2 Be5 26. Bc4 Kg7 27. g3 Rh8 28. Kg2
Nf6 29. Rh1 Rh7 0-1

[Event "16th Asian Games Rapid Women"]
[Site "Guangzhou CHN"]
[Date "2010.11.15"]
[Round "6"]
[White "Saleh, Nora Mohd"]
[Black "Geldyeva, Mekhri"]
[Result "0-1"]
[WhiteTitle "WIM"]
[BlackTitle "WGM"]
[WhiteElo "1884"]
[BlackElo "2279"]
[WhiteFideId "9301607"]
[BlackFideId "14000059"]
[EventDate "2010.11.13"]

1. d4 d5 2. c4 dxc4 3. Qa4+ Bd7 4. Qxc4 Bc6 5. Nc3 Nf6 6. Bf4 e6 7. Nf3 a6 8. e3
Bd6 9. Bxd6 cxd6 10. Be2 O-O 11. O-O Nbd7 12. Rac1 Rc8 13. Qd3 b5 14. b4 Nb6 15.
Rfd1 Qe7 16. Nd2 Rc7 17. Rc2 Rfc8 18. Rdc1 d5 19. a3 Nc4 20. Ncb1 h6 21. Nb3 Nd7
22. Nc5 Nxc5 23. bxc5 e5 24. Qb3 Re8 25. Bd3 Qf6 26. Rd1 exd4 27. exd4 Qxd4 28.
Qb4 Qf6 29. Bxc4 dxc4 30. Rcd2 Qg6 31. g3 Qe4 0-1